Statistics for European Countries with a Lower Population then Syria

Click here to take the quiz!

General Stats

  • This quiz has been taken 94 times
    (76 since last reset)
  • The average score is 32 of 36

Answer Stats

Population Answer % Correct
11,358,379Belgium
97%
2,908,249Lithuania
94%
1,970,530Latvia
94%
5,503,132Finland
93%
436,947Malta
93%
8,820,083Serbia
93%
4,726,078Ireland
91%
1,312,442Estonia
91%
582,972Luxembourg
91%
801Vatican City
91%
8,401,793Switzerland
91%
9,480,042Belarus
91%
9,837,533Sweden
91%
10,371,627Portugal
91%
11,183,716Greece
91%
8,712,137Austria
91%
1,816,000Kosovo
90%
33,203San Marino
90%
16.987,330Netherlands
90%
3,516,816Bosnia and Herzegovina
90%
5,254,694Norway
90%
5,444,218Slovakia
90%
7,131,494Bulgaria
89%
10,610,947Czech Republic
89%
38,499Monaco
89%
9,753,281Hungary
89%
628,615Montenegro
89%
2,077,862Slovenia
89%
2,081,026Macedonia
89%
4,213,625Croatia
89%
5,771,870Denmark
87%
77,281Andorra
87%
4,059,608Moldova
87%
37,666Liechtenstein
84%
2,926,348Albania
83%
334,252Iceland
80%

Score Distribution

Percentile by Number Answered

Percent of People with Each Score

Your Score History

You have not taken this quiz since the last reset